Deutsche Nummer-1-Hits mit G - Statistiken

Allgemein
  • Dieses Quiz wurde 65 mal gespielt
  • Das Durchschnittsergebnis liegt bei 5 aus 16
Antwortstatistiken
Jahr Textzeile Titel % Korrekt
1975 Da saßen Männer mit braunen Augen und mit schwarzem Haar Griechischer Wein
73%
2011 Cause what you don't understand is I'd catch a _____ for you Grenade
64%
2013 We're up all night for good fun, we're up all night to __ ____ Get Lucky
49%
1995 Been spendin' most their lives livin' in a _______ _______ Gangsta's Paradise
45%
1966 ___ _ ___, mit einem Blumenstrauß Ganz in weiß
40%
2000 ____ ____ du bist immer da, ____ ____ und ein Freund fürs Leben Großer Bruder
40%
1986 On Friday the 13th of December, Bruce and Bongo discovered Germany's most successful word: ___ Geil
31%
2021 Well, ____ __ __ you look happy and healthy Good 4 U
29%
2025 You know together we're glowin', gonna be, gonna be _____ Golden
22%
1969 Jojo left his home in Tucson, Arizona, for some California grass Get Back
20%
1988 ___ __ ___ __ ___, ooh, ooh, ooh, I love you Girl You Know It’s True
20%
1991 Everybody dance now! Gonna Make You Sweat
20%
2011 And I'm breaking, I'm breaking away, I'm aiming power-power shots and I'm giving all I got Geronimo
18%
1973 Told you once before and I won't tell you no more, __ ___, __ ___, __ ___ Get Down
16%
1993 Together, we will go our way, together, we will leave someday Go West
16%
2008 Es kann gar nicht hell genug sein, alle Lichter dieser Welt sollen heute für mich leuchten Gib mir Sonne
11%
Keine übereinstimmenden Quizze gefunden
Verteilung der Resultate
Anzahl Personen mit jedem Resultat
Perzentil nach korrekt beantworteten Fragen
Ihre Resultats-Entwicklung
Sie haben dieses Quiz noch nicht gespielt